[Event "1. liga - V 17/18, Hostalkova-CT"]
[Site ""]
[Date "2018.01.21"]
[Round "6.5"]
[White "Karlik, Ondrej"]
[Black "Kawulok, Marek"]
[Result "1/2-1/2"]
[WhiteElo "2185"]
[BlackElo "2153"]
[PlyCount "0"]
[WhiteTeam "Sachy Hostalkova"]
[BlackTeam "Slavoj Cesky Tesin"]
[EventDate "2017.10.22"]

1. e4 e5 2. Nf3 Nc6 3. d4 exd4 4. Nxd4 Nf6 5. f3 d5 6. Bb5 Bd7 7. Bxc6 Bxc6 8.
Nxc6 bxc6 9. e5 Nd7 10. O-O Bc5+ 11. Kh1 O-O 12. f4 Re8 13. c4 Nb6 14. cxd5
cxd5 15. Qc2 Bf8 16. Nd2 c5 17. Nf3 d4 18. Qf5 Qd7 19. Qxd7 Nxd7 20. b4 cxb4
21. Nxd4 Rac8 22. Be3 Rc3 23. Bg1 a5 24. Rad1 Nc5 25. Nc6 Ra8 26. f5 Ne4 27.
Nd4 Ra3 28. e6 fxe6 29. fxe6 Rxa2 30. Nc6 b3 31. e7 Bxe7 32. Nxe7+ Kh8 33. Bd4
h6 34. Rde1 Nf6 35. h3 a4 36. Rb1 Rd2 37. Bc3 Rc2 38. Bd4 Rd2 39. Bc3 Rc2 40.
Bd4 Rd2 1/2-1/2

[Event "1. liga - V 17/18, Hostalkova-CT"]
[Site ""]
[Date "2018.01.21"]
[Round "6.6"]
[White "Gibiec, Ernest"]
[Black "Krejca, Jakub"]
[Result "1/2-1/2"]
[WhiteElo "2158"]
[BlackElo "2117"]
[PlyCount "0"]
[WhiteTeam "Slavoj Cesky Tesin"]
[BlackTeam "Sachy Hostalkova"]
[EventDate "2017.10.22"]

1. d4 d5 2. c4 e6 3. Nc3 Nf6 4. Bg5 Be7 5. cxd5 exd5 6. e3 Nbd7 7. Bd3 O-O 8.
Qc2 Re8 9. Nf3 c6 10. O-O Nf8 11. h3 g6 12. Bxf6 Bxf6 13. b4 Ne6 14. Na4 Qd6
15. b5 Bd7 16. bxc6 Qxc6 17. Qxc6 Bxc6 18. Nc3 Rac8 19. Nb5 Bxb5 20. Bxb5 Red8
21. Rfc1 Kf8 22. Rab1 Ke7 23. Ba4 Rxc1+ 24. Rxc1 Kd6 25. Kf1 a6 26. Ke2 b5 27.
Bd1 Rb8 28. g4 g5 29. Ne1 Bd8 30. Nd3 f6 31. Nc5 Nxc5 32. dxc5+ Ke5 33. Bc2 Rc8
34. Bf5 Rc7 35. Kd3 Be7 36. c6 Ba3 37. Rc2 h6 38. Bd7 Bf8 39. f3 Be7 40. Rf2
Kd6 41. f4 b4 42. fxg5 hxg5 43. Kc2 a5 44. Kb3 Ra7 45. Ka4 Bd8 46. Kb5 Rc7 47.
Rf5 Ra7 48. Ka4 Be7 49. Kb5 Bd8 50. Ka4 Rc7 51. Kb5 Ra7 1/2-1/2

[Event "1. liga - V 17/18, Hostalkova-CT"]
[Site ""]
[Date "2018.01.21"]
[Round "6.7"]
[White "Malcanek, Jan"]
[Black "Mitura, Vaclav"]
[Result "0-1"]
[WhiteElo "2136"]
[BlackElo "2173"]
[PlyCount "0"]
[WhiteTeam "Sachy Hostalkova"]
[BlackTeam "Slavoj Cesky Tesin"]
[EventDate "2017.10.22"]

1. e4 c6 2. Nc3 d5 3. Nf3 Bg4 4. h3 Bxf3 5. Qxf3 Nf6 6. d3 e6 7. Be2 Bb4 8. O-O
O-O 9. Bg5 Nbd7 10. Qg3 Be7 11. f4 Ne8 12. Bxe7 Qxe7 13. e5 f5 14. exf6 Nexf6
15. d4 c5 16. Qe3 Rfe8 17. Rae1 Rac8 18. g4 cxd4 19. Qxd4 Qc5 20. Rd1 Qxd4+ 21.
Rxd4 e5 22. fxe5 Rxe5 23. Bf3 Nb6 24. Rf2 h6 25. Re2 Rce8 26. Kf2 R8e7 27. h4
g5 28. hxg5 hxg5 29. Rxe5 Rxe5 30. Nb5 Nc8 31. b3 a6 32. Nc3 Ne7 33. Rd3 Kf7
34. Na4 Nc6 35. Nc5 Ne4+ 36. Bxe4 dxe4 37. Rd7+ Ke8 38. Rxb7 Rxc5 39. c4 Re5
40. Ke3 a5 41. Rb5 Kd7 42. Rd5+ Ke6 43. Rd2 Nb4 44. a3 Nd3 45. Rh2 Kd6 46. Kd4
Nf4 47. b4 Re7 48. Ke3 axb4 49. axb4 Ke5 50. Ra2 Re6 51. b5 Rh6 52. Ra5 Rh3+
53. Kd2 Kd4 54. b6 Rh2+ 55. Kd1 e3 56. b7 Rb2 0-1

[Event "1. liga - V 17/18, Hostalkova-CT"]
[Site ""]
[Date "2018.01.21"]
[Round "6.8"]
[White "Raszka, Janusz"]
[Black "Krmela, Ales"]
[Result "1/2-1/2"]
[WhiteElo "2129"]
[BlackElo "2083"]
[PlyCount "0"]
[WhiteTeam "Slavoj Cesky Tesin"]
[BlackTeam "Sachy Hostalkova"]
[EventDate "2017.10.22"]

1. e4 c6 2. d4 d5 3. Nd2 dxe4 4. Nxe4 Nf6 5. Nxf6+ gxf6 6. Bc4 Bf5 7. Nf3 e6 8.
Qe2 Nd7 9. Bb3 Qc7 10. Be3 Nb6 11. Nh4 Bg6 12. O-O-O O-O-O 13. Qf3 Be7 14. c4
f5 15. Bf4 Qd7 16. g3 Bf6 17. Kb1 Qe7 18. c5 Nd5 19. Bd6 Qd7 20. Bxd5 exd5 21.
Qa3 b5 22. Nf3 Bh5 23. Rd2 Bxf3 24. Qxf3 Rhe8 25. Qa3 Re4 26. Rhd1 Rde8 27.
Qa6+ Qb7 28. Qa5 Bd8 29. Qc3 Qd7 30. a4 Qb7 31. axb5 Qxb5 32. Qf3 Re2 33. Qxf5+
Kb7 34. Qxf7+ Ka6 35. Qf3 Rxd2 36. Rxd2 Ba5 37. Rd1 Re2 38. Qa3 Rxf2 39. h4 Qc4
40. Qd3 Kb5 41. Be5 Qxd3+ 42. Rxd3 Kc4 43. Ra3 Bb4 44. Re3 Bd2 45. Ra3 Bb4 46.
Re3 Bd2 47. Ra3 1/2-1/2

[Event "1. liga - V 17/18, CT-Brno"]
[Site ""]
[Date "2018.02.04"]
[Round "7.1"]
[White "Langner, Ladislav"]
[Black "Skliba, Martin"]
[Result "1/2-1/2"]
[WhiteElo "2400"]
[BlackElo "2277"]
[PlyCount "0"]
[WhiteTeam "Slavoj Cesky Tesin"]
[BlackTeam "Lokomotiva Brno A"]
[EventDate "2017.10.22"]

1. e4 c5 2. c3 Nf6 3. e5 Nd5 4. d4 cxd4 5. cxd4 d6 6. Bc4 dxe5 7. dxe5 e6 8.
Nf3 Nc6 9. O-O Nb6 10. Bd3 Nb4 11. Be4 Qxd1 12. Rxd1 N4d5 13. a4 a5 14. Nc3
Nxc3 15. bxc3 Bd7 16. Be3 Nc4 17. Bxb7 Nxe3 18. fxe3 Ra7 19. Rdb1 Bc5 20. Kf2
Ke7 21. Be4 f5 22. Bd3 Rc8 23. Ke2 Bc6 24. Nd4 Bd5 25. Rb5 Bxd4 26. cxd4 g6 27.
g3 h5 28. Kd2 h4 29. Rg1 hxg3 30. Rxg3 Kf7 31. Rb1 Rh8 32. h3 Raa8 33. Be2 Rab8
34. Rb5 Rxb5 35. Bxb5 Rh4 36. Kd3 g5 37. Bc4 Be4+ 38. Kd2 g4 39. hxg4 fxg4 40.
Be2 Bf5 41. e4 Bxe4 42. Rxg4 Rxg4 43. Bxg4 Bd5 44. Bd1 Ke8 45. Ke3 Kd7 46. Kd3
Kd8 47. Bc2 Kd7 48. Kc3 Ke7 49. Bb3 Bc6 50. Kd3 Bf3 51. Bc4 Bc6 52. Bb5 Bd5 53.
Kc3 Kf7 54. Kd3 Ke7 55. Ke3 Kf7 56. Kf4 Ke7 57. Kg5 Kf7 58. Kh6 Be4 59. Kg5 Bd5
60. Kh5 Bf3+ 61. Kh6 Be4 62. Kg5 Bd5 1/2-1/2

[Event "1. liga - V 17/18, CT-Brno"]
[Site ""]
[Date "2018.02.04"]
[Round "7.2"]
[White "Kulovana, Eva"]
[Black "Mrazek, Lumir"]
[Result "1/2-1/2"]
[WhiteElo "2159"]
[BlackElo "2305"]
[PlyCount "0"]
[WhiteTeam "Lokomotiva Brno A"]
[BlackTeam "Slavoj Cesky Tesin"]
[EventDate "2017.10.22"]

1. e4 c5 2. Nf3 d6 3. Bb5+ Bd7 4. Bxd7+ Qxd7 5. O-O Nf6 6. Re1 Nc6 7. c3 e6 8.
d4 cxd4 9. cxd4 d5 10. e5 Ne4 11. Nbd2 Nxd2 12. Bxd2 Be7 13. Bg5 Bxg5 14. Nxg5
h6 15. Nf3 O-O 16. Rc1 Rfc8 17. Re3 Na5 18. Rec3 Rxc3 19. Rxc3 Rc8 20. Qc2 Rxc3
21. Qxc3 b6 22. Ne1 Qb5 23. b3 Qe2 24. Qc8+ Kh7 25. Qc2+ Qxc2 1/2-1/2

[Event "1. liga - V 17/18, CT-Brno"]
[Site ""]
[Date "2018.02.04"]
[Round "7.3"]
[White "Miturova, Magdalena"]
[Black "Dvorak, Adam"]
[Result "1/2-1/2"]
[WhiteElo "2225"]
[BlackElo "2195"]
[PlyCount "0"]
[WhiteTeam "Slavoj Cesky Tesin"]
[BlackTeam "Lokomotiva Brno A"]
[EventDate "2017.10.22"]

1. e4 c5 2. Nf3 e6 3. d4 cxd4 4. Nxd4 a6 5. Nc3 Qc7 6. g3 b5 7. Bg2 Bb7 8. a3
d6 9. O-O Nd7 10. f4 Ngf6 11. Qe2 Rc8 12. Be3 Be7 13. Bf2 O-O 14. Rae1 Nb6 15.
g4 Nc4 16. g5 Ne8 17. Nd1 e5 1/2-1/2

[Event "1. liga - V 17/18, CT-Brno"]
[Site ""]
[Date "2018.02.04"]
[Round "7.4"]
[White "Hosek, Martin"]
[Black "Gibiec, Ernest"]
[Result "1/2-1/2"]
[WhiteElo "2130"]
[BlackElo "2175"]
[PlyCount "0"]
[WhiteTeam "Lokomotiva Brno A"]
[BlackTeam "Slavoj Cesky Tesin"]
[EventDate "2017.10.22"]

1. d4 d5 2. c4 c6 3. Nf3 Nf6 4. Nc3 dxc4 5. a4 Bf5 6. e3 e6 7. Bxc4 Bb4 8. O-O
O-O 9. Bd3 Bxd3 10. Qxd3 Nbd7 11. e4 Bxc3 12. bxc3 Nc5 13. Qc2 Ncxe4 14. Ba3
Re8 15. Rab1 Rb8 16. c4 c5 17. Rfe1 cxd4 18. Rbd1 d3 19. Rxd3 Qa5 20. Bb2 Nc5
21. Ra3 Ncd7 22. Nd2 Rbc8 23. Rg3 Qf5 24. Qxf5 exf5 25. Rge3 Rxe3 26. Rxe3 b6
27. f3 Rc5 28. Bc3 h6 29. Bb4 Rc6 30. Kf2 a5 31. Ba3 Nc5 32. Bxc5 Rxc5 33. Re7
Rc6 34. Rb7 Rd6 35. Ke2 Nd7 36. Nb3 Kf8 37. Rc7 Ke8 38. c5 Re6+ 39. Kd3 Kd8 40.
cxb6 Rxb6 41. Rc3 Rb4 1/2-1/2

[Event "1. liga - V 17/18, CT-Brno"]
[Site ""]
[Date "2018.02.04"]
[Round "7.5"]
[White "Mitura, Vaclav"]
[Black "Kratochvil, Milan"]
[Result "1/2-1/2"]
[WhiteElo "2182"]
[BlackElo "2234"]
[PlyCount "0"]
[WhiteTeam "Slavoj Cesky Tesin"]
[BlackTeam "Lokomotiva Brno A"]
[EventDate "2017.10.22"]

1. d4 Nf6 2. c4 c5 3. d5 b5 4. cxb5 a6 5. bxa6 Bxa6 6. g3 g6 7. Bg2 d6 8. Nc3
Bg7 9. Nf3 O-O 10. Rb1 Qb6 11. O-O Nbd7 12. Qc2 Bc4 13. Nd2 Ba6 14. b3 Rfb8 15.
Bb2 Qa5 16. Ba1 Ne5 17. h3 c4 18. bxc4 Nxc4 19. Rxb8+ Rxb8 20. Nxc4 Bxc4 21.
Ne4 Qxa2 22. Qxa2 1/2-1/2

[Event "1. liga - V 17/18, CT-Brno"]
[Site ""]
[Date "2018.02.04"]
[Round "7.6"]
[White "Kratochvil, Karel"]
[Black "Raszka, Janusz"]
[Result "0-1"]
[WhiteElo "2160"]
[BlackElo "2128"]
[PlyCount "0"]
[WhiteTeam "Lokomotiva Brno A"]
[BlackTeam "Slavoj Cesky Tesin"]
[EventDate "2017.10.22"]

1. d4 d5 2. c4 dxc4 3. e3 Nf6 4. Bxc4 e6 5. Nc3 a6 6. a4 Be7 7. Nf3 O-O 8. O-O
b6 9. Qe2 Bb7 10. Rd1 c6 11. Bb3 b5 12. axb5 cxb5 13. d5 Nxd5 14. Nxd5 exd5 15.
e4 d4 16. Nxd4 Qc7 17. Qf3 Nc6 18. Nf5 Bf6 19. Bf4 Be5 20. Bxe5 Qxe5 21. Rd7
Qxb2 22. Ra2 Qc1+ 23. Rd1 Qc5 24. Rc2 Qe5 25. Rcd2 Nd8 26. Nd6 Bc6 27. Rc2 Ra7
28. Qe3 Rd7 29. f4 Qe7 30. e5 a5 31. Rcd2 a4 32. Ba2 Nb7 33. Qb6 Nd8 34. Qe3
Qh4 35. Nxf7 Rdxf7 36. e6 Re7 37. Rxd8 Be8 38. g3 Qf6 39. Qc5 g6 40. R1d4 Kg7
41. h3 Rb7 42. Bd5 Re7 43. g4 Rxe6 44. Bxe6 Qxe6 45. R4d7+ Kg8 46. Re7 Qc6 47.
Qd4 Bf7 48. Qh8+ Kxh8 49. Rxf8+ Bg8 50. Ree8 Qc5+ 51. Kg2 Qd5+ 52. Kg3 a3 53.
Rd8 Qb3+ 54. Kh4 a2 55. Ra8 b4 56. Kg5 Kg7 57. Rfd8 Bf7 58. h4 h6# 0-1

[Event "1. liga - V 17/18, CT-Brno"]
[Site ""]
[Date "2018.02.04"]
[Round "7.7"]
[White "Stonawski, Igor"]
[Black "Di Liberti, Ivan"]
[Result "1-0"]
[WhiteElo "1937"]
[BlackElo "1789"]
[PlyCount "0"]
[WhiteTeam "Slavoj Cesky Tesin"]
[BlackTeam "Lokomotiva Brno A"]
[EventDate "2017.10.22"]

1. e4 d5 2. exd5 Nf6 3. Bb5+ Bd7 4. Bc4 b5 5. Bb3 Bg4 6. f3 Bf5 7. Qe2 Qd7 8.
g4 Bg6 9. h4 h6 10. h5 Bh7 11. c4 c6 12. cxb5 cxd5 13. d4 e6 14. Nc3 Bd6 15.
Nh3 Qe7 16. Bf4 Nbd7 17. O-O g6 18. hxg6 Bxg6 19. Qh2 Bxf4 20. Nxf4 Kf8 21.
Rae1 Qb4 22. Nxg6+ fxg6 23. Rxe6 Qxd4+ 24. Qf2 Qxf2+ 25. Rxf2 Kf7 26. Rfe2 Nb6
27. Re7+ Kf8 28. Rb7 Rh7 29. Rxh7 Nxh7 30. Nxd5 Nxd5 31. Bxd5 Rd8 32. Be4 Ng5
33. Bc6 Nh3+ 34. Kh2 Nf4 35. Rc2 Rd1 36. Be4 Kf7 37. Kg3 g5 38. Kf2 Ke6 39.
Rc6+ Ke5 40. Rxh6 Rd2+ 41. Ke1 Rxb2 42. Ra6 Rxb5 43. Kd2 Kd4 44. Ra4+ Kc5 45.
Rxa7 Kb4 46. a3+ Kc4 47. Kc2 Rc5 48. Rb7 Ne2 49. Rb4# 1-0

[Event "1. liga - V 17/18, CT-Brno"]
[Site ""]
[Date "2018.02.04"]
[Round "7.8"]
[White "Koci, Milos"]
[Black "Mitura, Karel"]
[Result "0-1"]
[WhiteElo "1303"]
[BlackElo "2176"]
[PlyCount "0"]
[WhiteTeam "Lokomotiva Brno A"]
[BlackTeam "Slavoj Cesky Tesin"]
[EventDate "2017.10.22"]

1. d4 Nf6 2. Bf4 g6 3. Nf3 Bg7 4. e3 d6 5. Nbd2 O-O 6. Be2 Nbd7 7. h3 Re8 8.
O-O e5 9. dxe5 dxe5 10. Bg3 Qe7 11. c3 h6 12. Re1 Nh7 13. Bf1 f5 14. Bh2 Ng5
15. g3 Nxf3+ 16. Nxf3 e4 17. Nh4 Ne5 18. Be2 Be6 19. Ng2 g5 20. Qc2 Nf3+ 21.
Kh1 Nxe1 22. Nxe1 Bf7 23. b3 Red8 24. Rc1 Rd7 25. c4 Rad8 26. Rd1 Rxd1 27. Bxd1
Qd6 0-1

[Event "1. liga - V 17/18, RnK-Hostalkova"]
[Site ""]
[Date "2018.02.04"]
[Round "7.1"]
[White "Sabuk, Piotr"]
[Black "Roubalik, Jakub"]
[Result "0-1"]
[WhiteElo "2370"]
[BlackElo "2391"]
[PlyCount "0"]
[WhiteTeam "Panda Rychnov nad Kneznou A"]
[BlackTeam "Sachy Hostalkova"]
[EventDate "2017.10.22"]

1. d4 Nf6 2. c4 e6 3. g3 d5 4. Nf3 Bb4+ 5. Bd2 Be7 6. Bg2 O-O 7. O-O Ne4 8. Qb3
Nc6 9. Rd1 a5 10. Nc3 a4 11. Qc2 Nxd2 12. Rxd2 Nb4 13. Qd1 a3 14. b3 b6 15. Ne5
Ba6 16. e4 f6 17. Ng4 dxc4 18. bxc4 Bxc4 19. Ne3 Ba6 20. Qb3 Bc8 21. Bh3 Kh8
22. Bxe6 Bxe6 23. Qxe6 Re8 24. Rad1 Bf8 25. Qc4 Qd7 26. Kg2 Ra5 27. h4 Raa8 28.
f3 c6 29. Rb1 b5 30. Qe2 Na6 31. Qd1 Red8 32. Ne2 Nc5 33. Qc2 Na4 34. Qb3 Nc5
35. Qc2 Na4 36. d5 Nb2 37. d6 Qa7 38. Nd4 Rxd6 39. Nef5 Nc4 40. Rd3 Rxd4 41.
Rxd4 g6 42. Qc3 gxf5 43. Rbd1 Qf7 44. exf5 Re8 45. Kh3 Re3 46. R1d3 Rxd3 47.
Qxd3 Ne5 48. Qe2 Qa7 49. Re4 Qd7 50. g4 b4 51. f4 Qd3+ 52. Qe3 Qxe3+ 53. Rxe3
Nc4 54. Re8 Kg8 55. g5 Nd6 56. Rb8 Nxf5 57. h5 fxg5 58. fxg5 c5 59. h6 Ne7 60.
Kg4 Nc6 61. Rc8 Nd4 62. g6 hxg6 63. Kg5 Nf5 64. h7+ Kxh7 65. Rxf8 c4 66. Rf7+
Ng7 67. Rc7 b3 68. Rxc4 Ne6+ 69. Kf6 b2 70. Rh4+ Kg8 71. Rb4 Nf4 72. Rb7 Nd5+
73. Kxg6 Kf8 74. Kf5 Nc3 75. Ke5 Nxa2 76. Kd4 Nb4 77. Rxb4 a2 78. Rxb2 a1=Q 79.
Kc3 Ke7 80. Kb3 Kd6 81. Rd2+ Kc5 82. Rd3 Qb1+ 83. Kc3 Qa2 84. Re3 Qc4+ 85. Kd2
Kd4 86. Re2 Qb5 87. Rf2 Qd3+ 88. Ke1 Qc3+ 89. Kd1 Qb3+ 90. Ke2 Ke4 91. Ke1 Qc3+
92. Kd1 Qa1+ 93. Kd2 Qb2+ 94. Ke1 Qb1+ 95. Kd2 Qb4+ 96. Ke2 Qb5+ 97. Kd2 Qg5+
98. Ke1 Ke3 99. Re2+ Kd3 100. Kf1 Qh5 101. Rg2 Ke3 102. Rg3+ Kf4 103. Rg2 Kf3
104. Rf2+ Ke3 105. Kg1 Qh4 106. Rh2 Qe1+ 107. Kg2 Qf2+ 108. Kh3 Qf3+ 109. Kh4
Kf4 0-1

[Event "1. liga - V 17/18, RnK-Hostalkova"]
[Site ""]
[Date "2018.02.04"]
[Round "7.2"]
[White "Motuz, Karol"]
[Black "Havelka, Josef"]
[Result "0-1"]
[WhiteElo "2421"]
[BlackElo "2326"]
[PlyCount "0"]
[WhiteTeam "Sachy Hostalkova"]
[BlackTeam "Panda Rychnov nad Kneznou A"]
[EventDate "2017.10.22"]

1. d4 d5 2. Nf3 Nf6 3. c4 c6 4. e3 e6 5. Nbd2 Nbd7 6. Bd3 Bd6 7. O-O O-O 8. e4
dxe4 9. Nxe4 Nxe4 10. Bxe4 Qc7 11. Re1 b6 12. Bc2 Bb7 13. Qd3 g6 14. Bh6 Rfe8
15. Rad1 Rad8 16. h4 Bf8 17. Qe3 Nf6 18. Bxf8 Rxf8 19. c5 Rd5 20. Bb3 Ng4 21.
Qe2 Rf5 22. Bc2 Ba6 23. cxb6 axb6 24. Bd3 Bxd3 25. Rxd3 Ra8 26. a3 Raa5 27. g3
h5 28. Rc1 Rf6 29. Qe4 Rd5 30. Rdc3 c5 31. b4 Rff5 32. a4 Qa7 33. dxc5 bxc5 34.
bxc5 Rxc5 35. Rxc5 Rxc5 36. Rxc5 Qxc5 37. Qd4 Qf5 38. Kg2 e5 39. Qd5 Qc2 40.
Qa8+ Kg7 41. Qa7 Qc6 42. a5 e4 43. Qd4+ f6 44. Ne1 e3+ 45. f3 Qc1 46. Qd7+ Kh6
47. fxg4 hxg4 48. Qf7 Qd2+ 49. Kh1 Qxe1+ 50. Kh2 Qf2+ 51. Kh1 Qf1+ 52. Kh2 Qh3+
53. Kg1 Qxg3+ 54. Kh1 Qxh4+ 55. Kg1 Qf2+ 56. Kh1 e2 0-1

[Event "1. liga - V 17/18, RnK-Hostalkova"]
[Site ""]
[Date "2018.02.04"]
[Round "7.3"]
[White "Kracik, Tomas"]
[Black "Pala, Vladimir"]
[Result "1/2-1/2"]
[WhiteElo "2223"]
[BlackElo "2221"]
[PlyCount "0"]
[WhiteTeam "Panda Rychnov nad Kneznou A"]
[BlackTeam "Sachy Hostalkova"]
[EventDate "2017.10.22"]

1. e4 g6 2. d4 Bg7 3. Nc3 d6 4. Be3 c6 5. Qd2 Nf6 6. f3 Qa5 7. Bd3 Nbd7 8. Nge2
b5 9. O-O O-O 10. a3 Qc7 11. Bh6 a6 12. Bxg7 Kxg7 13. Nd1 e5 14. c3 c5 15. dxc5
Nxc5 16. Bc2 Be6 17. Ne3 Rad8 18. Rad1 d5 19. exd5 1/2-1/2

[Event "1. liga - V 17/18, RnK-Hostalkova"]
[Site ""]
[Date "2018.02.04"]
[Round "7.4"]
[White "Karlik, Ondrej"]
[Black "Machlowski, Slawomir"]
[Result "1-0"]
[WhiteElo "2169"]
[BlackElo "2104"]
[PlyCount "0"]
[WhiteTeam "Sachy Hostalkova"]
[BlackTeam "Panda Rychnov nad Kneznou A"]
[EventDate "2017.10.22"]

1. e4 e6 2. Nc3 c5 3. g3 d6 4. Bg2 Nf6 5. d3 a6 6. f4 Qc7 7. Nf3 Nbd7 8. O-O
Be7 9. h3 O-O 10. g4 Rd8 11. Ne2 c4 12. Be3 e5 13. g5 Nh5 14. Nc3 Qa5 15. Nd5
Bf8 16. Nd2 Nxf4 17. Nxc4 Qb5 18. a4 Qc6 19. Na5 Nxd5 20. Nxc6 Nxe3 21. Qf3
bxc6 22. Qxe3 Be7 23. Kh1 Nf8 24. Qg3 Ng6 25. Rae1 Nf4 26. Rxf4 exf4 27. Qxf4
Be6 28. b3 Rab8 29. h4 Rb4 30. Qf2 Rd7 31. Rf1 Bd8 32. Qg3 d5 33. Bh3 Bc7 34.
e5 Re7 35. Bxe6 Rxe6 36. Qf2 Re7 37. d4 Rb8 38. Qf3 Ba5 39. Qd3 Ra7 40. h5 Re8
41. g6 fxg6 42. hxg6 h6 43. Rf3 Bb4 44. c3 Ba5 45. b4 Bb6 46. Qf1 Raa8 47. Rf7
1-0

[Event "1. liga - V 17/18, RnK-Hostalkova"]
[Site ""]
[Date "2018.02.04"]
[Round "7.5"]
[White "Sabol, Marian"]
[Black "Krejca, Jakub"]
[Result "0-1"]
[WhiteElo "2302"]
[BlackElo "2114"]
[PlyCount "0"]
[WhiteTeam "Panda Rychnov nad Kneznou A"]
[BlackTeam "Sachy Hostalkova"]
[EventDate "2017.10.22"]

1. Nf3 d5 2. g3 Nf6 3. Bg2 e6 4. O-O Be7 5. c4 O-O 6. b3 c5 7. cxd5 Nxd5 8. Bb2
Nc6 9. Nc3 Bf6 10. Rc1 b6 11. Qc2 Ncb4 12. Qb1 Bb7 13. Rfd1 Qe7 14. a3 Nxc3 15.
Bxc3 Nd5 16. Bxf6 Nxf6 17. d3 Rfd8 18. Rc4 Rac8 19. Rdc1 Ba6 20. Rh4 h6 21. Qb2
Rc7 22. Ne5 Rdc8 23. Rf4 Qd8 24. Bh3 Bb7 25. Ng4 Nxg4 26. Bxg4 g5 27. Rfc4 f5
28. Bh3 Qd5 29. e4 Qxd3 30. Qf6 Bxe4 31. Qxe6+ Kg7 32. Qe5+ Kf7 33. Bf1 Qf3 34.
Rxe4 fxe4 35. Ba6 Qf6 36. Qxe4 Rh8 37. Bc4+ Kg7 38. Re1 Rf8 39. Re2 Qa1+ 40.
Kg2 Qf6 41. Bd3 Qc6 42. Bc4 Qxe4+ 43. Rxe4 a6 44. a4 Ra7 45. Re6 Rf6 46. Re8
Rd6 47. h4 gxh4 48. g4 Rd2 49. Rg8+ Kh7 50. Rf8 Rb2 51. Rf3 Kg7 52. Kh3 b5 53.
axb5 axb5 54. Bxb5 Rf7 55. Rc3 Rfxf2 56. Kxh4 Rh2+ 57. Kg3 Rhc2 58. Re3 Rg2+
59. Kh3 Rh2+ 60. Kg3 Rhg2+ 61. Kh3 Rgf2 62. Kg3 Rbd2 63. Bc4 Rg2+ 64. Kh3 Rh2+
65. Kg3 Rdg2+ 66. Kf4 Rf2+ 67. Kg3 Rhg2+ 68. Kh3 Rh2+ 69. Kg3 Rhg2+ 70. Kh3 Rg1
71. Re7+ Kf8 72. Re3 Rf4 73. Be6 Rc1 74. Kg3 Rd4 75. Bf5 Rd6 76. Kf4 Rcd1 77.
Rc3 R1d4+ 78. Kf3 R6d5 79. Be4 Re5 80. Bb7 h5 81. gxh5 Rxh5 82. Kg2 Ke7 83. Ba6
Kd6 84. Bc4 Rg4+ 85. Kf2 Rh2+ 86. Kf1 Rgh4 87. Rd3+ Rd4 0-1

[Event "1. liga - V 17/18, RnK-Hostalkova"]
[Site ""]
[Date "2018.02.04"]
[Round "7.6"]
[White "Bednarik, Josef"]
[Black "Novotny, Josef"]
[Result "1-0"]
[WhiteElo "2109"]
[BlackElo "2034"]
[PlyCount "0"]
[WhiteTeam "Sachy Hostalkova"]
[BlackTeam "Panda Rychnov nad Kneznou A"]
[EventDate "2017.10.22"]

1. e4 e6 2. Nc3 d6 3. d4 Nf6 4. Bg5 Be7 5. f3 Nbd7 6. Qd2 c6 7. O-O-O a6 8. Be3
b5 9. g4 h6 10. h4 Bb7 11. Rh3 e5 12. Kb1 c5 13. d5 Nb6 14. g5 Ng8 15. Qg2 h5
16. f4 b4 17. Nce2 Nc4 18. Bc1 Bc8 19. f5 Bd7 20. Ng3 Bb5 21. Qf3 f6 22. Nxh5
Bf8 23. Bxc4 Bxc4 24. Qg4 Qe7 25. gxf6 gxf6 26. Qg6+ Kd7 27. Nf3 Bh6 28. Rg1
Rf8 29. Ng7 Rf7 30. Ne6 Bxc1 31. Kxc1 Nh6 32. Nfg5 fxg5 33. hxg5 Rg8 34. Qxh6
a5 35. g6 a4 36. Rgg3 1-0

[Event "1. liga - V 17/18, RnK-Hostalkova"]
[Site ""]
[Date "2018.02.04"]
[Round "7.7"]
[White "Pavlicek, Miroslav"]
[Black "Malcanek, Jan"]
[Result "0-1"]
[WhiteElo "1996"]
[BlackElo "2123"]
[PlyCount "0"]
[WhiteTeam "Panda Rychnov nad Kneznou A"]
[BlackTeam "Sachy Hostalkova"]
[EventDate "2017.10.22"]

1. d4 Nf6 2. g3 c5 3. d5 b5 4. Bg2 Bb7 5. e4 e5 6. Ne2 d6 7. O-O Nbd7 8. b3 g6
9. Bb2 Bg7 10. a4 a6 11. Na3 b4 12. Nc4 Nb6 13. Ne3 a5 14. f4 Qe7 15. fxe5 dxe5
16. Nc1 Ba6 17. Nd3 Nfd7 18. Qf3 O-O 19. g4 Rac8 20. Rad1 c4 21. bxc4 Nxc4 22.
Nxc4 Rxc4 23. Rf2 Nb6 24. Ba1 Nxa4 25. d6 Qe6 26. d7 Rd4 27. Bxd4 exd4 28. d8=Q
Rxd8 29. Ra1 Bb5 30. Bf1 Bxd3 31. Bxd3 Nb6 32. Rxa5 Nd7 33. Ra7 Bh6 34. Ra6 Ne5
35. Qf6 Qxf6 36. Rfxf6 b3 37. Rfb6 bxc2 38. Bxc2 d3 39. Bd1 Be3+ 40. Kg2 Bxb6
41. Rxb6 Rd4 0-1

[Event "1. liga - V 17/18, RnK-Hostalkova"]
[Site ""]
[Date "2018.02.04"]
[Round "7.8"]
[White "Senkyr, Martin"]
[Black "Jezek, Adam"]
[Result "1/2-1/2"]
[WhiteElo "2106"]
[BlackElo "2007"]
[PlyCount "0"]
[WhiteTeam "Sachy Hostalkova"]
[BlackTeam "Panda Rychnov nad Kneznou A"]
[EventDate "2017.10.22"]

1. e4 e6 2. d4 d5 3. Nd2 dxe4 4. Nxe4 Bd7 5. Nf3 Bc6 6. Bd3 Nd7 7. Qe2 Ngf6 8.
O-O Nxe4 9. Bxe4 Bxe4 10. Qxe4 c6 11. c4 Be7 12. b3 O-O 13. Bb2 Bf6 14. Rad1
Qc7 15. Bc1 Rfe8 16. Ng5 Bxg5 17. Bxg5 Nf8 18. Bd2 Rad8 19. Bc3 b6 20. Qg4 f6
21. Rfe1 Kh8 22. Rd3 c5 23. Rg3 cxd4 24. Bxd4 e5 25. Be3 Qd7 26. Qh4 Re6 27. c5
1/2-1/2

[Event "1. liga - V 17/18, SM-Kromeriz"]
[Site ""]
[Date "2018.02.04"]
[Round "7.1"]
[White "Babula, Vlastimil"]
[Black "Malinovsky, Karel"]
[Result "1/2-1/2"]
[WhiteElo "2554"]
[BlackElo "2480"]
[PlyCount "0"]
[WhiteTeam "SK Stare Mesto"]
[BlackTeam "Slavia Kromeriz"]
[EventDate "2017.10.22"]

1. d4 Nf6 2. c4 e6 3. Nf3 d5 4. Nc3 Be7 5. Bf4 O-O 6. e3 b6 7. Bd3 Ba6 8. cxd5
Bxd3 9. Qxd3 Nxd5 10. Nxd5 Qxd5 11. O-O c5 12. e4 Qb7 13. d5 exd5 14. exd5 Nd7
15. Rfe1 Rfe8 16. Re2 Bf8 17. Rae1 Rxe2 18. Rxe2 Nf6 19. d6 Qd5 20. Qxd5
1/2-1/2

[Event "1. liga - V 17/18, SM-Kromeriz"]
[Site ""]
[Date "2018.02.04"]
[Round "7.2"]
[White "Cvek, Robert"]
[Black "Kanovsky, David"]
[Result "1/2-1/2"]
[WhiteElo "2510"]
[BlackElo "2413"]
[PlyCount "0"]
[WhiteTeam "Slavia Kromeriz"]
[BlackTeam "SK Stare Mesto"]
[EventDate "2017.10.22"]

1. e4 e6 2. Qe2 Be7 3. Nf3 d5 4. d3 Nf6 5. g3 b6 6. Nbd2 c5 7. Bg2 Nc6 8. O-O
Bb7 9. Re1 Qc7 10. c3 Ba6 11. c4 dxe4 12. Nxe4 Nxe4 13. Qxe4 Bb7 14. Bf4 Bd6
15. Bxd6 Qxd6 16. d4 cxd4 17. Nxd4 Qxd4 18. Qxd4 Nxd4 19. Bxb7 Rd8 20. Rac1 Rd7
21. Be4 Ke7 22. Kg2 Rc8 23. Re3 a5 24. b3 g6 25. Rd1 Rcd8 26. g4 Kf8 27. Rc1 f5
28. Bf3 fxg4 29. Bxg4 Kf7 30. Rce1 Rd6 31. Re5 h5 32. Bf3 Rc8 33. Be4 Kf6 34.
Bb1 Rc5 35. R5e3 g5 36. h3 Nf5 37. Bxf5 Rxf5 38. R1e2 Rf4 39. Re5 Rf5 40. R5e4
e5 41. c5 Rc6 42. cxb6 Rxb6 43. Rc4 Rf4 44. Rc5 a4 45. bxa4 Rxa4 46. Rexe5 Rf4
47. Re2 Ra6 48. Rc8 Rfa4 49. Rf8+ Kg6 50. Rg8+ Kf6 51. Ree8 R6a5 52. Rh8 h4 53.
Rh6+ Kf7 54. Rb8 Ra7 55. Rb5 R4a5 56. Rbb6 Rxa2 57. Rbf6+ Kg8 58. Rf5 Rg7 59.
Rh5 g4 60. Rxh4 g3 1/2-1/2

[Event "1. liga - V 17/18, SM-Kromeriz"]
[Site ""]
[Date "2018.02.04"]
[Round "7.3"]
[White "Sosna, Jan"]
[Black "Lanc, Alois"]
[Result "1-0"]
[WhiteElo "2337"]
[BlackElo "2297"]
[PlyCount "0"]
[WhiteTeam "SK Stare Mesto"]
[BlackTeam "Slavia Kromeriz"]
[EventDate "2017.10.22"]

1. d4 Nf6 2. Nf3 g6 3. Bg5 d6 4. e3 h6 5. Bh4 g5 6. Bg3 Nh5 7. Bd3 e6 8. c3 Qe7
9. Qe2 Nd7 10. Nbd2 Bg7 11. O-O-O a6 12. Ne1 Nxg3 13. hxg3 c5 14. f4 gxf4 15.
gxf4 b5 16. Nc2 Bb7 17. Kb1 Nf6 18. Qf2 c4 19. Be2 a5 20. Bf3 d5 21. g4 b4 22.
g5 hxg5 23. Rxh8+ Bxh8 24. fxg5 Nd7 25. Nxc4 dxc4 26. Bxb7 Rb8 27. Qh2 Rxb7 28.
Qxh8+ Nf8 29. cxb4 Qxg5 30. Qh1 Rb8 31. Qc6+ Nd7 32. bxa5 Qxa5 33. Qxc4 Ke7 34.
d5 e5 35. d6+ 1-0